Текст томруулах:    
Организация и технология торговых процессов (Бичлэгийн дугаар. 62988)
000 -УДИРДЛАГА
Удирдлага 01323 a2200301 4500
003 - ХЯНАЛТЫН ТОО ТОДОРХОЙЛОГЧ
Код MN-UlNUM
005 - БИЧИЛТ ХИЙСЭН ОГНОО
Тухайн бичилтийг бичсэн засварласан сүүлийн огноо 20260415131131.0
008 - ЕРӨНХИЙ МЭДЭЭЛЭЛ
Ерөнхий мэдээлэл 110605s1990 ru 000 0 rus d
020 ## - ISBN
ISBN 5282001861
040 ## - БИЧЛЭГ ҮҮСГЭГЧ БАЙГУУЛЛАГА
Бичлэг үүсгэгч номын сангийн код МУИС-ийн номын сан
084 ## - ББК АНГИЛАЛ
ББК ангилал 65.9(2)
Зохиогчийн гурван тэмдэгт П 15
Нэмэлт тусгалт Бусад
Мэдлэгийн ялгаа 65 - Эдийн засаг
100 1# - ЗОХИОГЧ
Зохиогчийн нэр Памбухчиянц В.К.
240 10 - Шифр - Номын наалт, тайланд хэрэглэх
Ангилалын дугаар /Зохиогчийн 3 тэмдэгт 65.9(2)/П-15
245 10 - ҮНДСЭН ГАРЧИГ
Номын нэр Организация и технология торговых процессов
Оролцогчдын тухай мэдээ Редактор Н.С.Айриева
260 ## - ГАРАЛТЫН МЭДЭЭ
Хэвлэгдсэн газар Орос
Хэвлэлийн газар Экономика
Хэвлэгдсэн он 1990
300 ## - МАТЕРИАЛЫН ТОДОРХОЙЛОЛТ
хуудасны тоо 304c. ;
500 ## - Тайлбар
Дансны дугаар БС 19, 86-91, 1732
510 ## - CITATION/REFERENCES NOTE
Name of source Основы организаций и технологий торговых процессов
-- Коммерческая работа оптовых предприятий
546 ## - ХЭЛНИЙ ТУХАЙ МЭДЭЭ
Хэл Орос хэл дээр,
653 ## - Түлхүүр үг
Түлхүүр үг экономика
653 ## - Түлхүүр үг
Түлхүүр үг экономика внутренней торговли
653 ## - Түлхүүр үг
Түлхүүр үг организация и технология торговых процессов
653 ## - Түлхүүр үг
Түлхүүр үг учебник
740 ## - НОМЫН ГАРЧИГ
Гарчиг Основы организаций и технологий торговых процессов
-- Коммерческая работа оптовых предприятий
942 ## - ЭЛЕМЕНТИЙН ТӨРӨЛ
Зүйлийн төрөл Ном